<?xml version="1.0" encoding="UTF-8"?>
<collection xmlns="http://www.loc.gov/MARC21/slim">
<record>
  <controlfield tag="001">53974</controlfield>
  <controlfield tag="005">20230317124043.0</controlfield>
  <datafield tag="024" ind1="7" ind2=" ">
    <subfield code="a">10.1016/S0375-9474(97)00742-2</subfield>
    <subfield code="2">doi</subfield>
  </datafield>
  <datafield tag="024" ind1="7" ind2=" ">
    <subfield code="a">1873-1554</subfield>
    <subfield code="2">ISSN</subfield>
  </datafield>
  <datafield tag="024" ind1="7" ind2=" ">
    <subfield code="a">0375-9474</subfield>
    <subfield code="2">ISSN</subfield>
  </datafield>
  <datafield tag="037" ind1=" " ind2=" ">
    <subfield code="a">GSI-2013-04713</subfield>
  </datafield>
  <datafield tag="041" ind1=" " ind2=" ">
    <subfield code="a">English</subfield>
  </datafield>
  <datafield tag="082" ind1=" " ind2=" ">
    <subfield code="a">530</subfield>
  </datafield>
  <datafield tag="100" ind1="1" ind2=" ">
    <subfield code="a">Bernas, M.</subfield>
    <subfield code="0">P:(DE-HGF)0</subfield>
    <subfield code="b">0</subfield>
    <subfield code="e">Corresponding author</subfield>
  </datafield>
  <datafield tag="111" ind1="2" ind2=" ">
    <subfield code="a">6th International Conference on Nucleus-Nucleus Collisions</subfield>
    <subfield code="c">Gatlinburg</subfield>
    <subfield code="d">1997-06-02 - 1997-06-06</subfield>
    <subfield code="w">Tennessee</subfield>
  </datafield>
  <datafield tag="245" ind1=" " ind2=" ">
    <subfield code="a">Collisions of $^{238}U$ with Pb and Be targets at 750 A.MeV investigated at the FRS</subfield>
  </datafield>
  <datafield tag="260" ind1=" " ind2=" ">
    <subfield code="a">Amsterdam</subfield>
    <subfield code="c">1998</subfield>
    <subfield code="b">North-Holland Publ. Co.</subfield>
  </datafield>
  <datafield tag="336" ind1="7" ind2=" ">
    <subfield code="a">Journal Article</subfield>
    <subfield code="b">journal</subfield>
    <subfield code="m">journal</subfield>
    <subfield code="0">PUB:(DE-HGF)16</subfield>
    <subfield code="s">1376404141_32535</subfield>
    <subfield code="2">PUB:(DE-HGF)</subfield>
  </datafield>
  <datafield tag="336" ind1="7" ind2=" ">
    <subfield code="a">article</subfield>
    <subfield code="2">DRIVER</subfield>
  </datafield>
  <datafield tag="336" ind1="7" ind2=" ">
    <subfield code="a">ARTICLE</subfield>
    <subfield code="2">BibTeX</subfield>
  </datafield>
  <datafield tag="336" ind1="7" ind2=" ">
    <subfield code="a">Journal Article</subfield>
    <subfield code="0">0</subfield>
    <subfield code="2">EndNote</subfield>
  </datafield>
  <datafield tag="536" ind1=" " ind2=" ">
    <subfield code="a">899 - ohne Topic (POF2-899)</subfield>
    <subfield code="0">G:(DE-HGF)POF2-899</subfield>
    <subfield code="c">POF2-899</subfield>
    <subfield code="x">0</subfield>
    <subfield code="f">POF I</subfield>
  </datafield>
  <datafield tag="588" ind1=" " ind2=" ">
    <subfield code="a">Dataset connected to CrossRef, repository.gsi.de</subfield>
  </datafield>
  <datafield tag="773" ind1=" " ind2=" ">
    <subfield code="a">10.1016/S0375-9474(97)00742-2</subfield>
    <subfield code="g">Vol. 630, no. 1-2, p. 41 - 51</subfield>
    <subfield code="p">41 - 51</subfield>
    <subfield code="n">1-2</subfield>
    <subfield code="0">PERI:(DE-600)1466542-6</subfield>
    <subfield code="t">Nuclear physics &lt;Amsterdam> / A</subfield>
    <subfield code="v">630</subfield>
    <subfield code="y">1998</subfield>
    <subfield code="x">0375-9474</subfield>
  </datafield>
  <datafield tag="909" ind1="C" ind2="O">
    <subfield code="o">oai:repository.gsi.de:53974</subfield>
    <subfield code="p">VDB</subfield>
  </datafield>
  <datafield tag="910" ind1="1" ind2=" ">
    <subfield code="a">GSI Helmholtzzentrum für Schwerionenforschung GmbH</subfield>
    <subfield code="0">I:(DE-Ds200)20121206GSI</subfield>
    <subfield code="k">GSI</subfield>
    <subfield code="b">0</subfield>
    <subfield code="6">P:(DE-HGF)0</subfield>
  </datafield>
  <datafield tag="913" ind1="1" ind2=" ">
    <subfield code="a">DE-HGF</subfield>
    <subfield code="b">Programmungebundene Forschung</subfield>
    <subfield code="l">ohne Programm</subfield>
    <subfield code="1">G:(DE-HGF)POF2-890</subfield>
    <subfield code="0">G:(DE-HGF)POF2-899</subfield>
    <subfield code="2">G:(DE-HGF)POF2-800</subfield>
    <subfield code="v">ohne Topic</subfield>
    <subfield code="x">0</subfield>
    <subfield code="4">G:(DE-HGF)POF</subfield>
    <subfield code="3">G:(DE-HGF)POF2</subfield>
  </datafield>
  <datafield tag="915" ind1=" " ind2=" ">
    <subfield code="a">JCR/ISI refereed</subfield>
    <subfield code="0">StatID:(DE-HGF)0010</subfield>
    <subfield code="2">StatID</subfield>
  </datafield>
  <datafield tag="915" ind1=" " ind2=" ">
    <subfield code="a">JCR</subfield>
    <subfield code="0">StatID:(DE-HGF)0100</subfield>
    <subfield code="2">StatID</subfield>
  </datafield>
  <datafield tag="915" ind1=" " ind2=" ">
    <subfield code="a">WoS</subfield>
    <subfield code="0">StatID:(DE-HGF)0110</subfield>
    <subfield code="2">StatID</subfield>
    <subfield code="b">Science Citation Index</subfield>
  </datafield>
  <datafield tag="915" ind1=" " ind2=" ">
    <subfield code="a">WoS</subfield>
    <subfield code="0">StatID:(DE-HGF)0111</subfield>
    <subfield code="2">StatID</subfield>
    <subfield code="b">Science Citation Index Expanded</subfield>
  </datafield>
  <datafield tag="915" ind1=" " ind2=" ">
    <subfield code="a">DBCoverage</subfield>
    <subfield code="0">StatID:(DE-HGF)0150</subfield>
    <subfield code="2">StatID</subfield>
    <subfield code="b">Web of Science Core Collection</subfield>
  </datafield>
  <datafield tag="915" ind1=" " ind2=" ">
    <subfield code="a">DBCoverage</subfield>
    <subfield code="0">StatID:(DE-HGF)0199</subfield>
    <subfield code="2">StatID</subfield>
    <subfield code="b">Thomson Reuters Master Journal List</subfield>
  </datafield>
  <datafield tag="915" ind1=" " ind2=" ">
    <subfield code="a">DBCoverage</subfield>
    <subfield code="0">StatID:(DE-HGF)0200</subfield>
    <subfield code="2">StatID</subfield>
    <subfield code="b">SCOPUS</subfield>
  </datafield>
  <datafield tag="915" ind1=" " ind2=" ">
    <subfield code="a">DBCoverage</subfield>
    <subfield code="0">StatID:(DE-HGF)0300</subfield>
    <subfield code="2">StatID</subfield>
    <subfield code="b">Medline</subfield>
  </datafield>
  <datafield tag="915" ind1=" " ind2=" ">
    <subfield code="a">Nationallizenz</subfield>
    <subfield code="0">StatID:(DE-HGF)0420</subfield>
    <subfield code="2">StatID</subfield>
  </datafield>
  <datafield tag="915" ind1=" " ind2=" ">
    <subfield code="a">DBCoverage</subfield>
    <subfield code="0">StatID:(DE-HGF)1020</subfield>
    <subfield code="2">StatID</subfield>
    <subfield code="b">Current Contents - Social and Behavioral Sciences</subfield>
  </datafield>
  <datafield tag="920" ind1=" " ind2=" ">
    <subfield code="l">yes</subfield>
  </datafield>
  <datafield tag="920" ind1="1" ind2=" ">
    <subfield code="0">I:(DE-Ds200)FRS-20110310OR124</subfield>
    <subfield code="k">FRS</subfield>
    <subfield code="l">FRS / SFRS Experimente</subfield>
    <subfield code="x">0</subfield>
  </datafield>
  <datafield tag="980" ind1=" " ind2=" ">
    <subfield code="a">journal</subfield>
  </datafield>
  <datafield tag="980" ind1=" " ind2=" ">
    <subfield code="a">VDB</subfield>
  </datafield>
  <datafield tag="980" ind1=" " ind2=" ">
    <subfield code="a">I:(DE-Ds200)20110831OR124</subfield>
  </datafield>
  <datafield tag="980" ind1=" " ind2=" ">
    <subfield code="a">I:(DE-Ds200)FRS-20110310OR124</subfield>
  </datafield>
  <datafield tag="980" ind1=" " ind2=" ">
    <subfield code="a">UNRESTRICTED</subfield>
  </datafield>
</record>
</collection>